000 00488cam a2200181ua 4500
020 _a81-7022-269-9
_c200.00
041 _aeng
_h
082 _a338.19
_bALI/FO
100 _aAlimohammed, .
245 _aFood production and food problem in India /
_cAlimohammed.
_hTextual Documents
250 _a1 /
_b.
260 _aNew Delhi :
_bConcept Publishing Company ,
_c1989.
300 _a243 :
_b` ; .
365 _a200.00
504 _a
942 _cBK
999 _c1792
_d1792